Campeões da Copa Libertadores da América Feminina - Statistics

Estatísticas Gerais
  • Esse quiz foi jogado 1 980 vezes
    1 580 desde o último reset
  • A pontuação média é 4 de 9
Estatísticas das Respostas
Ano Time % Correto
2021, 2019 Corinthians
96%
2022 Palmeiras
91%
2010-09 Santos
72%
2020, 2015 Ferroviária
62%
2012 Colo Colo
26%
2014-13, 2011 São José
21%
2017 Audax
15%
2018 Atlético Huila
10%
2016 Sportivo Limpeño
7%
Nenhum quiz correspondente encontrado
Distribuição das Pontuações
Porcentagem de Pessoas com Cada Pontuação
Percentil de Números Respondidos
Sua Pontuação Histórica
Você não jogou esse quiz desde o último reset